[Event "North American-ch U08"]
[Site "Montreal"]
[Date "2010.08.18"]
[Round "6"]
[White "Giovannetti, Grant"]
[Black "Kotsovolos, Nikolas"]
[Result "1-0"]
[WhiteElo "1048"]
[BlackElo "691"]
[PlyCount "51"]
[EventDate "2010.08.16"]
[EventType "swiss"]
[EventRounds "7"]
[EventCountry "CAN"]
[SourceTitle "EXT 2013"]
[Source "ChessBase"]
[SourceDate "2012.11.22"]
[SourceVersion "1"]
[SourceVersionDate "2012.11.22"]
[SourceQuality "1"]

1. Nf3 e6 2. d3 f5 3. g3 c6 4. Bg2 Qb6 5. Nbd2 Bc5 6. 0-0 Qd8 7. Re1 Qb6 8. e3 Bb4 9. Nc4 Qa6 10. c3 Be7 11. b3 d5 12. Nce5 Bf6 13. Bb2 Qb6 14. d4 Qd8 15. Qe2 Bg5 16. Ba3 f4 17. exf4 Bxf4 18. gxf4 Qf6 19. Ng5 Qxf4 20. Nef7 Nf6 21. Nxh8 Ng4 22. Qc2 Qxh2+ 23. Kf1 Nd7 24. Rxe6+ Kd8 25. Bd6 Qh4 26. Nhf7# 1-0